MARC

LEADER 00000nam0a2200000 4500
001 269810
005 20231101234305.0
035 |a (RuTPU)RU\TPU\book\292988 
090 |a 269810 
100 |a 20140922d1987 k y0rusy50 ca 
101 0 |a rus 
102 |a RU 
105 |a y z 001zy 
200 1 |a Асимптотические методы решения псевдодифференциальных уравнений  |f В. П. Маслов 
210 |a Москва  |c Наука  |d 1987 
215 |a 408 с. 
320 |a Библиогр.: с. 406-408 
606 1 |a Дифференциальные уравнения  |2 stltpush  |3 (RuTPU)RU\TPU\subj\9693  |9 36875 
610 1 |a асимптотические методы 
610 1 |a псевдодифференциальные уравнения 
610 1 |a решение 
610 1 |a линейные уравнения 
610 1 |a операторы 
610 1 |a турбулентность 
675 |a 517.95  |v 3 
700 1 |a Маслов  |b В. П.  |g Виктор Павлович 
801 1 |a RU  |b 63413507  |c 20140922 
801 2 |a RU  |b 63413507  |c 20161201  |g RCR 
942 |c BK